Statistics for Countries of the World - Fractured

Click here to take the quiz!

General Stats

  • This quiz has been taken 61 times
    (37 since last reset)
  • The average score is 32 of 47

Answer Stats

HintAnswer% Correct
Joe my kneeGermany
94%
Then neither handsThe Netherlands
91%
Sand marine hoeSan Marino
88%
Switch her andSwitzerland
88%
Bull gay areaBulgaria
88%
Bill hare roostBelarus
84%
Young knighted stains off emerge IncaUnited States of America
84%
Nought careerNorth Korea
81%
Lift you ain't hereLithuania
81%
Porsche you girlPortugal
81%
Amount in egg rowMontenegro
81%
Our men hearArmenia
78%
Who craneUkraine
78%
East stone deerEstonia
75%
A rackIraq
75%
Brass hillBrazil
75%
Luck thumb boardLuxembourg
75%
Sarah aloneSierra Leone
75%
Queue waitKuwait
72%
Young knighted a rat mirror ratesUnited Arab Emirates
72%
Denied it kin domeUnited Kingdom
72%
Mastered herniaMacedonia
72%
Cheek row rub lickCzech Republic
72%
Moses Sam beakMozambique
69%
Crew AsiaCroatia
69%
Hand auroraAndorra
69%
Sofa afro klanSouth Africa
69%
As you buy jamAzerbaijan
66%
Lick them rhymeLiechtenstein
66%
Fiat hamVietnam
66%
Ooze beak eye standUzbekistan
66%
Fill hip cleansPhilippines
63%
Sent real afro clan row rub lickCentral African Republic
63%
Jab hoot heDjibouti
63%
Mauled easeMaldives
63%
Them a critic row rub lick often can't goDemocratic Republic of the Congo
59%
Bruise eyeBrunei
59%
Arrow tray herEritrea
56%
Jaw jeerGeorgia
56%
Buzz near hand her star give nearBosnia and Herzegovina
53%
Halal ban hearAlbania
53%
Ox rheaAustria
53%
Heck wit oral gin heEquatorial Guinea
50%
Bikini fast thoughBurkina Faso
50%
I've got this DanAfghanistan
47%
Woe aim hereRomania
44%
Cask wrist spamKazakhstan
38%

Score Distribution

Percentile by Number Answered

Percent of People with Each Score

Your Score History

You have not taken this quiz since the last reset